| 000 | 01591nam a22002777a 4500 | ||
|---|---|---|---|
| 003 | PE SENCICO BE | ||
| 005 | 20251020182710.0 | ||
| 008 | 250107b |||||||| |||| 00| 0 eng d | ||
| 020 | _a978-84-7902-927-2 | ||
| 040 |
_aPE SENCICO BE _cPE SENCICO BE |
||
| 041 | _aspa | ||
| 082 |
_a635 _bC23 |
||
| 100 | 1 |
_92779 _aCano, Antonio José _eautor |
|
| 245 | 1 |
_aEl jardín del siglo XXI : _bprincipios y técnicas para una jardinería más sostenible / _cAntonio José Cano, Oscar Dominguez |
|
| 250 | _a[1a ed.] | ||
| 260 |
_aMadrid : _bTutor ; _c2012 |
||
| 300 |
_a159 p. : _bil. col., lams. ; _c23 cm. |
||
| 505 | 0 | _aLa mirada del jardín actual -- Los nuevos criterios rediseñan el jardin -- Técnicas y materiales en el jardín actual -- El mantenimiento más sostenible -- El césped hoy -- La jardinería vertical -- Jardines útiles -- Sorpresas del jardín actual | |
| 520 | 3 | _aEl lector encontrará un conjunto de soluciones que los autores han probado y en muchos casos corregido hasta ponerlas a punto. Son por lo tanto el fruto de muchos años de experiencia, soluciones que tienen que ver con la distribución del jardín y de las diferentes especies que la conforman, de las labores para la preparación del terreno, del aprovechamiento de los residuos, de los sistemas de riego eficientes o de las estrategias para reducir el mantenimiento y el uso de productos de síntesis. | |
| 650 | 1 | 0 |
_9773 _aJardinería |
| 650 | 2 | 0 |
_92780 _aHuertos |
| 650 | 2 | 0 |
_92781 _aHorticultura |
| 700 | 1 |
_92782 _aDominguez, Óscar _eautor |
|
| 910 |
_ahfp _bhfp _chfp |
||
| 942 |
_2ddc _cLIB |
||
| 999 |
_c5041 _d5041 |
||